| 000 | 01054nam0a22003011 4500 | ||
|---|---|---|---|
| 001 | rc\3131995 | ||
| 005 | 20120615095722.2 | ||
| 021 |
_aRU _b[75-66697] |
||
| 035 | _a(NLR Aleph) 007315128 | ||
| 090 |
_a5850992 _c5850992 |
||
| 100 | _a20120615d1975 |||y0rusy50 ca | ||
| 101 | 0 | _arus | |
| 102 | _aRU | ||
| 105 | _aa z ||||| | ||
| 200 | 1 | _aТрение и износ тяжелонагруженных передач | |
| 210 |
_aМосква _cМашиностроение _d1975 |
||
| 215 |
_a232 с. _cил. _d22 |
||
| 300 | _aНа корешке загл.: Трение и износ передач | ||
| 320 | _aСписок лит.: с. 222-225 (78 назв.) | ||
| 320 | _aПредм. указ.: с. 226-231 | ||
| 516 | 0 | _aТрение и износ передач | |
| 606 |
_aПередачи (механ.) _xТрение и износ _2psbo |
||
| 700 | 1 |
_aРещиков _bВ. Ф. _gВячеслав Федорович |
|
| 801 | 0 |
_aRU _bNLR _gpsbo |
|
| 801 | 1 |
_aRU _bELAR _2rusmarc |
|
| 852 |
_aNLR _j75-3/3236 |
||
| 942 | _cBOOK | ||
| 980 | _aNB | ||